| 000 | 00000nam##2200000za#4500 |
| 001 | 9.699291 |
| 003 | CaOODSP |
| 005 | 20210625000320 |
| 007 | cr ||||||||||| |
| 008 | 150407|1997||||xxc|||||o f|0| 0 eng|d |
| 040 | |aCaOODSP|beng |
| 043 | |an-cn--- |
| 086 | 1 |aEn108-4/69-1997E-PDF |
| 110 | 1 |aCanada.|bCanadian Council of Ministers of the Environment. |
| 245 | 10|aGuidance document on the management of contaminated sites in Canada |h[electronic resource] |
| 260 | |aWinnipeg - Manitoba : |bCanadian Council of Ministers of the Environment |cApril 1997. |
| 300 | |a64p.|bfigs., glossary, references |
| 500 | |aThe ISBN (1-895-925-89-4) for the print edition has been incorrectly copied in this electronic publication. |
| 590 | |a14-10-Supp|b2014-05-08 |
| 690 | 07|aPollution|2gcpds |
| 690 | 07|aSite management|2gcpds |
| 775 | 08|tDocument d'orientation sur la gestion des lieux contaminés au Canada |w(CaOODSP)9.643265 |
| 856 | 40|ahttp://publications.gc.ca|qPDF|s3.93 MB|uhttps://publications.gc.ca/collections/collection_2014/ec/En108-4-69-1997-eng.pdf |
| 986 | |aPN 1279 |